Biosenzory – inovatívny spôsob analýzy biomarkerov v životnom prostredí a pri identifikácii špecifických typov ochorení

Na minha lista:
Detalhes bibliográficos
Autor principal: Gembická, Dagmar (Author)
Outros Autores: Mackuľak, Tomáš (Thesis advisor)
Formato: Manuscrito Livro
Idioma:eslovaco
Publicado em: 2023
Assuntos:
Acesso em linha:http://is.stuba.sk/zp/portal_zp.pl?podrobnosti=162424
Tags: Adicionar Tag
Sem tags, seja o primeiro a adicionar uma tag!

MARC

LEADER 00000ntm a22000003a 4500
001 stuzp94622
003 SK-STU
005 20230909222703.2
007 ta
008 150427s2015----xo-----f-mn---000-0-slo-d
040 |a STU  |b slo 
041 0 |a slo 
100 1 |a Gembická, Dagmar  |u 046290  |4 aut  |U FCHPT Ústav chemického a environmentálneho inžinierstva  |T FCHPT Oddelenie environmentálneho inžinierstva  |X 110583  |U C6290  |Y 120  |7 110583 
242 0 1 |a Biosensors – an innovative way of analyzing biomarkers in the environment and in the identification of specific types of diseases  |y eng 
245 1 0 |a Biosenzory – inovatívny spôsob analýzy biomarkerov v životnom prostredí a pri identifikácii špecifických typov ochorení 
260 |c 2023 
650 4 |a biosenzory  |2 slo 
650 4 |a mikrosenzory  |2 slo 
650 4 |a biochar  |2 slo 
650 4 |a monitoring  |2 slo 
650 4 |a životné prostredie  |2 slo 
650 4 |a monitoring  |2 eng 
650 4 |a microsensors  |2 eng 
650 4 |a biosensors  |2 eng 
650 4 |a biochar  |2 eng 
650 4 |a environment  |2 eng 
700 1 |a Mackuľak, Tomáš  |u 046290  |k Z1  |4 ths  |U FCHPT Ústav chemického a environmentálneho inžinierstva  |T FCHPT Oddelenie environmentálneho inžinierstva  |X 25433  |U C6290  |Y 120  |7 A000025433 
856 4 |u http://is.stuba.sk/zp/portal_zp.pl?podrobnosti=162424